000 00409nam a2200169Ia 4500
008 210210b1939 xxu||||| |||| 00| 0 eng d
041 _aeng
082 _a381/39
100 _aCURTIS (C Ralph)
245 _aMechanised accountancy
260 _aLondon
_bCharles Griffin & Co Ltd.
_c1939
300 _avi,157
650 _aMechanised
650 _aaccountancy
690 _aAccountancy
906 _a005084
999 _c124870
_d124870